Frontiers of electronic commerce / (Record no. 481)

000 -LEADER
fixed length control field 00463 a2200157 4500
008 - FIXED-LENGTH DATA ELEMENTS--GENERAL INFORMATION
fixed length control field 221021b ||||| |||| 00| 0 eng d
020 ## - INTERNATIONAL STANDARD BOOK NUMBER
International Standard Book Number 9780788165252
082 00 - DEWEY DECIMAL CLASSIFICATION NUMBER
Classification number 650.0285
Item number K141
100 ## - MAIN ENTRY--PERSONAL NAME
Personal name Kalakota, Ravi
9 (RLIN) 5330
245 ## - TITLE STATEMENT
Title Frontiers of electronic commerce /
260 ## - PUBLICATION, DISTRIBUTION, ETC. (IMPRINT)
Name of publisher, distributor, etc Pearson,
Date of publication, distribution, etc 2013.
Place of publication, distribution, etc New Delhi:
300 ## - PHYSICAL DESCRIPTION
Extent 864 p.
650 #0 - SUBJECT ADDED ENTRY--TOPICAL TERM
Topical term or geographic name as entry element Electronic Commerce
700 ## - ADDED ENTRY--PERSONAL NAME
9 (RLIN) 5332
Personal name Whinston, Andrew B.
942 ## - ADDED ENTRY ELEMENTS (KOHA)
Source of classification or shelving scheme
Item type Books
Holdings
Withdrawn status Lost status Source of classification or shelving scheme Damaged status Not for loan Permanent location Current location Date acquired Source of acquisition Full call number Barcode Date last seen Koha item type
          IMU Kolkata IMU Kolkata 2017-04-12 Jyoti, the Book People 650.0285 K141 12351 2019-09-30 Books
          IMU Kolkata IMU Kolkata 2017-04-12 Jyoti, the Book People 650.0285 K141 12352 2019-09-30 Books
          IMU Kolkata IMU Kolkata 2017-04-12 Jyoti, the Book People 650.0285 K141 12353 2019-09-30 Books
          IMU Kolkata IMU Kolkata 2017-04-12 Jyoti, the Book People 650.0285 K141 12354 2019-09-30 Books
          IMU Kolkata IMU Kolkata 2017-04-12 Jyoti, the Book People 650.0285 K141 12355 2019-09-30 Books
Designed and Maintained by IMU-KC Library, Kolkata Campus © Copyright All Rights Reserved

webs counters

Powered by Koha